00326pab a2200133 454500008004000000100002100040245002500061260000900086300001300095362001100108650002400119650001500143773003400158180718b2011 xxu||||| |||| 00| 0 eng d aHanseen, Kristin aAtrocities in Norway c2011 ap.37-42. a24 Sep aAtrocities - Norway aAtrocities aEconomic and Political Weekly